000 00801nam a22002297a 4500
003 OSt
005 20250730021251.0
008 250730b |||||||| |||| 00| 0 eng d
020 _a9788183293143
040 _aDWCL-Main lib
_cOC
082 _aCirc. 029.7 S617L 2011
100 _aSingh, R. K.
245 _aLibrary automation and total quality management/
_cR.K. Singh
260 _aNew Delhi :
_b Shree Publishers & Distributors,
_cc2011.
300 _a xvi, 268 pages :
_b illustrations ;
_c 22 cm
504 _aIncludes bibliography.
650 _a1. Library--Technological innovations.
650 _a2. Libraries--India--Automation.
650 _a3. Total quality management--India.
650 _a4. Library science--Information technology--India.
942 _2ddc
_cBK-CIRC
_kCirc.
_n0
999 _c3882
_d3882